[Event "8. Copenhagen Open Politiken Cup"]
[Site "Copenhagen"]
[Date "1986.??.??"]
[Round "1"]
[White "Bjerring, Kai"]
[Black "Murey, Jacob"]
[Result "0-1"]
[WhiteElo "2315"]
[BlackElo "2460"]
[PlyCount "42"]
[EventDate "1986.??.??"]
[EventType "swiss"]
[EventRounds "10"]
[EventCountry "DEN"]
[SourceDate "2004.01.01"]

1. e4 e5 2. Nf3 Nc6 3. d4 exd4 4. Nxd4 Bc5 5. Nxc6 Qf6 6. f4 Qxc6 7. Qf3 Nf6 8.
Nc3 O-O 9. Bb5 Qe6 10. f5 Qb6 11. Bd3 Re8 12. Bd2 Nxe4 13. Bxe4 d5 14. Nxd5
Qxb2 15. Ke2 Qe5 16. Ne3 Qxe4 17. Qxe4 Rxe4 18. Kf3 Bxe3 19. Kxe4 Bxd2 20. Rad1
Bg5 21. h4 Be7 0-1

[Event "8. Copenhagen Open Politiken Cup"]
[Site "Copenhagen"]
[Date "1986.??.??"]
[Round "1"]
[White "Clausen, Steen"]
[Black "Hoi, Carsten"]
[Result "0-1"]
[WhiteElo "2295"]
[BlackElo "2405"]
[PlyCount "88"]
[EventDate "1986.??.??"]
[EventType "swiss"]
[EventRounds "10"]
[EventCountry "DEN"]
[SourceDate "2004.01.01"]

1. d4 d6 2. e4 Nf6 3. Nc3 g6 4. f4 Bg7 5. Nf3 c5 6. Bb5+ Bd7 7. e5 Ng4 8. e6
Bxb5 9. exf7+ Kd7 10. Nxb5 Qa5+ 11. Nc3 cxd4 12. Nxd4 Bxd4 13. Qxd4 Nc6 14. Qd1
Qf5 15. h3 Qe6+ 16. Qe2 Qxe2+ 17. Nxe2 Nh6 18. Bd2 Rhf8 19. g4 Nxf7 20. O-O-O
Rac8 21. Bc3 b5 22. b3 Nfd8 23. Rhf1 Ne6 24. h4 a5 25. f5 gxf5 26. gxf5 Nc5 27.
Rf4 Rf7 28. h5 b4 29. Bb2 Rg8 30. Rg1 Rxg1+ 31. Nxg1 Ne5 32. Kd2 Rg7 33. Ne2
Rg2 34. Ke3 Rh2 35. Bxe5 dxe5 36. Rc4 Kd6 37. Ng3 Kd5 38. Kf3 h6 39. Ke3 Nd7
40. Kf3 Nf6 41. Rc7 e4+ 42. Ke3 Rg2 43. Nf1 e5 44. fxe6 Ke5 0-1

[Event "8. Copenhagen Open Politiken Cup"]
[Site "Copenhagen"]
[Date "1986.??.??"]
[Round "1"]
[White "Hartung Nielsen, Jens"]
[Black "Horvath, Tamas"]
[Result "0-1"]
[WhiteElo "2290"]
[BlackElo "2395"]
[PlyCount "102"]
[EventDate "1986.??.??"]
[EventType "swiss"]
[EventRounds "10"]
[EventCountry "DEN"]
[SourceDate "2004.01.01"]

1. d4 e6 2. Nf3 c5 3. c3 Nc6 4. e3 Nf6 5. Bd3 d5 6. Nbd2 Be7 7. O-O O-O 8. a3
b6 9. b4 a6 10. dxc5 bxc5 11. e4 Qc7 12. Qe2 Bb7 13. Re1 Rfe8 14. Bb2 Bf8 15.
Rac1 Qf4 16. Bb1 Rac8 17. Qd3 c4 18. Qe2 Red8 19. Rcd1 g6 20. Bc1 Qc7 21. e5
Nd7 22. Nf1 Bg7 23. Bf4 Na7 24. Qe3 Bc6 25. Bc2 Nb6 26. Nd4 Ba4 27. Qd2 Nb5 28.
Bxa4 Nxa4 29. Nxb5 axb5 30. Re2 Ra8 31. Qd4 Nb6 32. Bc1 Nd7 33. f4 Qa7 34. Qxa7
Rxa7 35. Ne3 f6 36. Ng4 fxe5 37. Nxe5 Nxe5 38. fxe5 Rf7 39. Rf1 Rxf1+ 40. Kxf1
Rf8+ 41. Kg1 Rf5 42. a4 bxa4 43. Ra2 Rxe5 44. Bd2 a3 45. Rxa3 Re2 46. Bg5 h6
47. Bd8 Rb2 48. Ra8 Kf7 49. Ra7+ Ke8 50. Rxg7 Kxd8 51. Rxg6 d4 0-1

[Event "8. Copenhagen Open Politiken Cup"]
[Site "Copenhagen"]
[Date "1986.??.??"]
[Round "1"]
[White "Horvath, Sandor"]
[Black "De Boer, Gert Jan"]
[Result "0-1"]
[WhiteElo "2305"]
[BlackElo "2430"]
[PlyCount "77"]
[EventDate "1986.??.??"]
[EventType "swiss"]
[EventRounds "10"]
[EventCountry "DEN"]
[SourceDate "2004.01.01"]

1. e4 c6 2. d4 d5 3. Nc3 dxe4 4. Nxe4 Bf5 5. Ng3 Bg6 6. Nf3 Nd7 7. h4 h6 8. h5
Bh7 9. Bd3 Bxd3 10. Qxd3 e6 11. Bf4 Ngf6 12. O-O-O Be7 13. Kb1 a5 14. c4 a4 15.
a3 O-O 16. Ne4 Nxe4 17. Qxe4 Nf6 18. Qe2 b5 19. Ne5 Qb6 20. c5 Qb7 21. Rh3 Rfd8
22. Rg3 Kf8 23. Rgd3 Nd5 24. Bd2 Bf6 25. g4 Bg5 26. Rf3 f6 27. Bxg5 hxg5 28.
Qe4 Kg8 29. Nd3 Re8 30. Rh1 b4 31. axb4 a3 32. h6 axb2 33. Qg6 Re7 34. Kxb2 Qa6
35. Rfh3 Nxb4 36. Qh7+ Kxh7 37. hxg7+ Kg8 38. Rh8+ Kf7 39. Rxa8 {time} 0-1

[Event "8. Copenhagen Open Politiken Cup"]
[Site "Copenhagen"]
[Date "1986.??.??"]
[Round "1"]
[White "Jacoby, Gisbert"]
[Black "Cserna, Laszlo"]
[Result "1/2-1/2"]
[WhiteElo "2290"]
[BlackElo "2390"]
[PlyCount "49"]
[EventDate "1986.??.??"]
[EventType "swiss"]
[EventRounds "10"]
[EventCountry "DEN"]
[SourceDate "2004.01.01"]

1. e4 c5 2. Nf3 d6 3. d4 cxd4 4. Nxd4 Nf6 5. Nc3 a6 6. Be3 e6 7. Qd2 b5 8. f3
Bb7 9. O-O-O Be7 10. g4 Nc6 11. Nxc6 Bxc6 12. g5 Nd7 13. h4 Qc7 14. h5 b4 15.
Ne2 d5 16. Nd4 dxe4 17. Bh3 Nc5 18. Nxc6 Qxc6 19. Bxc5 Bxc5 20. fxe4 O-O 21. g6
fxg6 22. Qd7 Qxd7 23. Rxd7 Rae8 24. hxg6 hxg6 25. Rf1 1/2-1/2

[Event "8. Copenhagen Open Politiken Cup"]
[Site "Copenhagen"]
[Date "1986.??.??"]
[Round "1"]
[White "Kaspersen, Morten"]
[Black "Vadasz, Laszlo"]
[Result "1/2-1/2"]
[WhiteElo "2215"]
[BlackElo "2370"]
[PlyCount "61"]
[EventDate "1986.??.??"]
[EventType "swiss"]
[EventRounds "10"]
[EventCountry "DEN"]
[SourceDate "2004.01.01"]

1. c4 Nf6 2. Nf3 c5 3. g3 Nc6 4. Bg2 d5 5. cxd5 Nxd5 6. Nc3 Nc7 7. Qa4 Bd7 8.
Qe4 g6 9. Ne5 Bg7 10. Nxd7 Qxd7 11. a3 O-O 12. Rb1 Rac8 13. h4 h5 14. d3 Nd4
15. O-O b5 16. b4 Nce6 17. Bd2 c4 18. Rfd1 Rfd8 19. e3 f5 20. Qb7 Qxb7 21. Bxb7
Rb8 22. Bg2 Nc2 23. Bd5 Kf7 24. dxc4 bxc4 25. Rbc1 Nxa3 26. Be1 Rd6 27. Na4
Rbd8 28. Bf3 Rxd1 29. Bxd1 Nc7 30. Be2 Ncb5 31. Rxc4 1/2-1/2

[Event "8. Copenhagen Open Politiken Cup"]
[Site "Copenhagen"]
[Date "1986.??.??"]
[Round "1"]
[White "Lind, Jan Olov"]
[Black "Berg, Klaus"]
[Result "1/2-1/2"]
[WhiteElo "2260"]
[BlackElo "2375"]
[PlyCount "165"]
[EventDate "1986.??.??"]
[EventType "swiss"]
[EventRounds "10"]
[EventCountry "DEN"]
[SourceDate "2004.01.01"]

1. e4 c6 2. d4 d5 3. exd5 cxd5 4. c4 Nf6 5. Nc3 e6 6. Nf3 Bb4 7. cxd5 Nxd5 8.
Qc2 Nc6 9. Bd3 Ba5 10. Be4 Nxc3 11. Bxc6+ bxc6 12. bxc3 c5 13. O-O cxd4 14.
cxd4 O-O 15. Ba3 Re8 16. Rab1 Ba6 17. Rfd1 Rc8 18. Bc5 Bb6 19. Qe4 Bc4 20. Bxb6
axb6 21. Rb2 Bd5 22. Qf4 Re7 23. h4 Ra7 24. Rdd2 Rc1+ 25. Kh2 Bxf3 26. gxf3 Rd7
27. Qg5 f6 28. Qe3 Qc7+ 29. Kg2 Rd6 30. Rd3 Rc4 31. Rbb3 Qd7 32. Ra3 Qe8 33.
Kh2 Rd5 34. Qf4 h6 35. Qg3 Kh7 36. Ra7 Qg6 37. Qxg6+ Kxg6 38. Rb7 b5 39. Rd1
Rcxd4 40. Rg1+ Kf5 41. Rgxg7 Rxh4+ 42. Kg3 Rh1 43. Rgd7 Re5 44. Rd4 Rg1+ 45.
Kh2 Ra1 46. Rb4 Rxa2 47. Kg3 Ra5 48. Rg7 Re1 49. Rb7 Rg1+ 50. Kh2 Rg5 51.
R7xb5+ Rxb5 52. Rxb5+ Kf4 53. Rb3 f5 54. Ra3 e5 55. Rb3 h5 56. Ra3 Rg6 57. Rb3
h4 58. Ra3 Rd6 59. Kg2 Rd2 60. Ra4+ e4 61. fxe4 fxe4 62. Ra3 Rd3 63. Ra8 Rd5
64. Ra3 Rf5 65. Re3 Rf6 66. Ra3 Kg4 67. Re3 Rf4 68. Ra3 Rf5 69. Re3 Kf4 70. Ra3
Rf8 71. Rb3 Rg8+ 72. Kh2 Rd8 73. Kg2 Rd3 74. Rb8 h3+ 75. Kh2 Rf3 76. Rf8+ Kg4
77. Rg8+ Kh5 78. Rh8+ Kg6 79. Rg8+ Kf7 80. Rg4 Rxf2+ 81. Kxh3 Re2 82. Kg3 Ke6
83. Rg5 1/2-1/2

[Event "8. Copenhagen Open Politiken Cup"]
[Site "Copenhagen"]
[Date "1986.??.??"]
[Round "1"]
[White "Mathe, Gaspar"]
[Black "Wiedenkeller, Michael"]
[Result "1/2-1/2"]
[WhiteElo "2310"]
[BlackElo "2455"]
[PlyCount "139"]
[EventDate "1986.??.??"]
[EventType "swiss"]
[EventRounds "10"]
[EventCountry "DEN"]
[SourceDate "2004.01.01"]

1. e4 e5 2. Nf3 Nc6 3. Bb5 a6 4. Ba4 Nf6 5. d4 exd4 6. O-O Be7 7. Re1 b5 8. e5
Nxe5 9. Rxe5 d6 10. Re1 bxa4 11. Nxd4 Bd7 12. Qf3 O-O 13. Nc6 Bxc6 14. Qxc6 Nd7
15. Qxa4 Bf6 16. Nc3 Bxc3 17. bxc3 Re8 18. Be3 Nf6 19. Bg5 Qd7 20. Rxe8+ Qxe8
21. Qxe8+ Rxe8 22. Bxf6 gxf6 23. Kf1 Re4 24. Rb1 a5 25. Rb5 Ra4 26. Ke2 Rxa2
27. Kd3 Ra1 28. Rb7 c5 29. Rb6 Kf8 30. Ke4 Rd1 31. Kf5 Kg7 32. c4 a4 33. Ra6
Rd2 34. f4 Rxg2 35. h3 Rh2 36. Rxa4 Rxh3 37. Ra6 Rc3 38. Rxd6 Rxc2 39. Rxf6
Rxc4 40. Ra6 Rc1 41. Ra2 c4 42. Rg2+ Kf8 43. Rh2 Ke7 44. Ke5 c3 45. Kd4 Kf6 46.
Rxh7 Kg6 47. Rh8 Kf5 48. Rh7 f6 49. Rh6 c2 50. Kd3 Rd1+ 51. Kxc2 Rd6 52. Rh1
Kxf4 53. Rf1+ Ke3 54. Kc3 Ke2 55. Rf5 Rd3+ 56. Kc4 Rf3 57. Rh5 Ke3 58. Kd5 Kf4
59. Ke6 Kg4 60. Rh1 f5 61. Rg1+ Kf4 62. Kf6 Rf2 63. Ra1 Kg4 64. Rg1+ Kf4 65.
Ra1 Rf3 66. Rg1 Ke3 67. Kg5 Kf2 68. Ra1 Kg2 69. Ra5 f4 70. Kg4 1/2-1/2

[Event "8. Copenhagen Open Politiken Cup"]
[Site "Copenhagen"]
[Date "1986.??.??"]
[Round "1"]
[White "Ochsner, Thomas"]
[Black "Jakobsen, Ole"]
[Result "0-1"]
[WhiteElo "2275"]
[BlackElo "2385"]
[PlyCount "82"]
[EventDate "1986.??.??"]
[EventType "swiss"]
[EventRounds "10"]
[EventCountry "DEN"]
[SourceDate "2004.01.01"]

1. e4 c5 2. c3 d5 3. exd5 Qxd5 4. d4 e6 5. Nf3 Nf6 6. Na3 Be7 7. Nb5 Na6 8. Be3
O-O 9. c4 Qd8 10. dxc5 Bxc5 11. Bxc5 Nxc5 12. b4 Nce4 13. Qc2 Qe7 14. c5 b6 15.
Bd3 Bb7 16. c6 Bxc6 17. Qxc6 Rac8 18. Bxe4 Rxc6 19. Bxc6 Rc8 20. O-O Rxc6 21.
Ne5 Rc8 22. Rac1 Rxc1 23. Rxc1 h6 24. a3 Kh7 25. Nc6 Qd7 26. Ncxa7 Qd2 27. Rf1
Qd3 28. h3 Nd5 29. g3 Nf6 30. Re1 Ne4 31. Re3 Qd1+ 32. Kg2 f5 33. Nc3 Nxc3 34.
Rxc3 Qd5+ 35. Kg1 e5 36. a4 Qd1+ 37. Kg2 Qxa4 38. Nc6 Qb5 39. Kg1 e4 40. Kg2
Qd5 41. Kf1 e3 0-1

[Event "8. Copenhagen Open Politiken Cup"]
[Site "Copenhagen"]
[Date "1986.??.??"]
[Round "1"]
[White "Rewitz, Poul"]
[Black "Stein, Bernd"]
[Result "0-1"]
[WhiteElo "2295"]
[BlackElo "2405"]
[PlyCount "64"]
[EventDate "1986.??.??"]
[EventType "swiss"]
[EventRounds "10"]
[EventCountry "DEN"]
[SourceDate "2004.01.01"]

1. g3 c5 2. Bg2 Nf6 3. d3 e6 4. f4 d5 5. Nf3 Nc6 6. O-O Be7 7. Nc3 O-O 8. e4 d4
9. Ne2 a6 10. h3 b5 11. g4 Qc7 12. Rf2 Bb7 13. g5 Nh5 14. Nh2 g6 15. Bf3 Ng7
16. Ng4 f5 17. gxf6 Bxf6 18. Nxf6+ Rxf6 19. c3 e5 20. b4 dxc3 21. Qb3+ Kh8 22.
bxc5 b4 23. a3 a5 24. axb4 axb4 25. Rxa8+ Bxa8 26. Bg2 Ne6 27. fxe5 Qxe5 28.
Rxf6 Qxf6 29. Qd5 Ned4 30. Nxc3 bxc3 31. Bg5 Ne2+ 32. Kh1 Qf2 0-1

[Event "8. Copenhagen Open Politiken Cup"]
[Site "Copenhagen"]
[Date "1986.??.??"]
[Round "1"]
[White "Stigar, Petter"]
[Black "Sinkovics, Peter"]
[Result "1/2-1/2"]
[WhiteElo "2300"]
[BlackElo "2415"]
[PlyCount "70"]
[EventDate "1986.??.??"]
[EventType "swiss"]
[EventRounds "10"]
[EventCountry "DEN"]
[SourceDate "2004.01.01"]

1. d4 Nf6 2. c4 g6 3. Nc3 Bg7 4. Nf3 O-O 5. g3 c6 6. Bg2 d5 7. cxd5 cxd5 8. Ne5
e6 9. O-O Nfd7 10. Nxd7 Qxd7 11. b3 Nc6 12. Ba3 Rd8 13. e3 b6 14. Qd2 Ba6 15.
Rfc1 Ne7 16. Rc2 Nf5 17. Rac1 Rac8 18. Ne2 h5 19. Rxc8 Rxc8 20. Rxc8+ Qxc8 21.
Qc3 Qd7 22. Nf4 Nd6 23. Bxd6 Qxd6 24. Nd3 Qa3 25. Qb2 Qxb2 26. Nxb2 e5 27. Bxd5
exd4 28. exd4 Bxd4 29. Nc4 Kf8 30. Nd6 f6 31. a4 Be5 32. Nb5 Bb8 33. Nd4 Bc8
34. Nc6 Bb7 35. Bg2 Bxc6 1/2-1/2

[Event "8. Copenhagen Open Politiken Cup"]
[Site "Copenhagen"]
[Date "1986.??.??"]
[Round "1"]
[White "Sorensen, Henrik"]
[Black "Brinck Claussen, Bjorn"]
[Result "0-1"]
[WhiteElo "2250"]
[BlackElo "2375"]
[PlyCount "52"]
[EventDate "1986.??.??"]
[EventType "swiss"]
[EventRounds "10"]
[EventCountry "DEN"]
[SourceDate "2004.01.01"]

1. d4 Nf6 2. Nf3 g6 3. Bg5 Bg7 4. Nbd2 d5 5. e3 O-O 6. Bd3 Nbd7 7. O-O c5 8. c3
b6 9. e4 cxd4 10. cxd4 dxe4 11. Nxe4 Bb7 12. Re1 h6 13. Bh4 Bxe4 14. Bxe4 Nxe4
15. Rxe4 g5 16. Bxg5 hxg5 17. Nxg5 Nf6 18. Qd3 Re8 19. Re5 Qd6 20. Rae1 Rad8
21. d5 Qb4 22. R1e2 e6 23. Qf3 Qg4 24. dxe6 Rd1+ 25. Re1 Rxe1+ 26. Rxe1 Qxg5
0-1

[Event "8. Copenhagen Open Politiken Cup"]
[Site "Copenhagen"]
[Date "1986.??.??"]
[Round "2"]
[White "Ernst, Thomas"]
[Black "Heyken, Enno"]
[Result "1-0"]
[WhiteElo "2455"]
[BlackElo "2350"]
[PlyCount "84"]
[EventDate "1986.??.??"]
[EventType "swiss"]
[EventRounds "10"]
[EventCountry "DEN"]
[SourceDate "2004.01.01"]

1. e4 e6 2. d4 d5 3. Nd2 Nf6 4. e5 Nfd7 5. Bd3 c5 6. c3 Nc6 7. Ne2 cxd4 8. cxd4
f6 9. exf6 Nxf6 10. O-O Bd6 11. Nf3 O-O 12. Bf4 Bxf4 13. Nxf4 Qb6 14. Rb1 Bd7
15. Re1 Rae8 16. a3 Nxd4 17. Nxd4 e5 18. Nxd5 Nxd5 19. Nf3 Be6 20. Rxe5 Nf4 21.
Ng5 Rd8 22. Bxh7+ Kh8 23. Qc2 Bb3 24. Qc5 Ne2+ 25. Kf1 Qa6 26. Qb5 Qxb5 27.
Rxb5 Bc4 28. Rc5 Nc3+ 29. Rxc4 Nxb1 30. Rh4 Nd2+ 31. Kg1 g6 32. Bxg6+ Kg7 33.
Bh7 Rc8 34. f3 Rfe8 35. Bd3 Re5 36. Rd4 Nb3 37. Rd7+ Kf6 38. Kf2 Re7 39. Nh7+
Kf7 40. Bg6+ Kxg6 41. Rxe7 Rh8 42. Rxb7 Rxh7 1-0

[Event "8. Copenhagen Open Politiken Cup"]
[Site "Copenhagen"]
[Date "1986.??.??"]
[Round "2"]
[White "Hoi, Carsten"]
[Black "Wiedenkeller, Michael"]
[Result "1-0"]
[WhiteElo "2405"]
[BlackElo "2455"]
[PlyCount "47"]
[EventDate "1986.??.??"]
[EventType "swiss"]
[EventRounds "10"]
[EventCountry "DEN"]
[SourceDate "2004.01.01"]

1. d4 Nf6 2. Nc3 d5 3. Bg5 Nbd7 4. Nf3 g6 5. e3 Bg7 6. Bd3 O-O 7. O-O Re8 8.
Re1 e5 9. e4 dxe4 10. Nxe4 exd4 11. Bc4 h6 12. Bh4 g5 13. Nexg5 hxg5 14. Nxg5
Rxe1+ 15. Qxe1 Kf8 16. Bxf7 Nc5 17. Bc4 Qd6 18. Bg3 Qc6 19. Qe5 b5 20. Re1 bxc4
21. Qe7+ Kg8 22. Qf7+ Kh8 23. Re7 Bh6 24. Be5 1-0

[Event "8. Copenhagen Open Politiken Cup"]
[Site "Copenhagen"]
[Date "1986.??.??"]
[Round "2"]
[White "Knudsen, Per"]
[Black "Rewitz, Poul"]
[Result "1-0"]
[WhiteElo "2325"]
[BlackElo "2295"]
[PlyCount "61"]
[EventDate "1986.??.??"]
[EventType "swiss"]
[EventRounds "10"]
[EventCountry "DEN"]
[SourceDate "2004.01.01"]

1. Nf3 g6 2. g3 Bg7 3. Bg2 d6 4. c4 Nc6 5. Nc3 f5 6. O-O Nf6 7. Rb1 O-O 8. b4
a6 9. d3 Nh5 10. Bd2 f4 11. b5 axb5 12. cxb5 Ne5 13. Qb3+ Kh8 14. Ng5 Rf5 15.
Ne6 Bxe6 16. Qxe6 f3 17. exf3 Rxf3 18. d4 Rd3 19. dxe5 Rxd2 20. Bxb7 Bxe5 21.
Bxa8 Qxa8 22. Rbc1 Bxg3 23. hxg3 Nxg3 24. Ne4 Nxe4 25. Rxc7 Qd5 26. Qxe7 Qg5+
27. Qxg5 Nxg5 28. b6 Nh3+ 29. Kh2 Nxf2 30. b7 Ne4+ 31. Kg1 1-0

[Event "8. Copenhagen Open Politiken Cup"]
[Site "Copenhagen"]
[Date "1986.??.??"]
[Round "2"]
[White "Kojder, Konrad"]
[Black "Clausen, Steen"]
[Result "1-0"]
[WhiteElo "2340"]
[BlackElo "2295"]
[PlyCount "103"]
[EventDate "1986.??.??"]
[EventType "swiss"]
[EventRounds "10"]
[EventCountry "DEN"]
[SourceDate "2004.01.01"]

1. d4 Nf6 2. c4 e6 3. Nc3 d5 4. cxd5 exd5 5. Bg5 Be7 6. e3 O-O 7. Bd3 c6 8. Qc2
h6 9. Bh4 Re8 10. Nf3 Ne4 11. Bxe7 Qxe7 12. O-O Nd7 13. b4 Ndf6 14. b5 Nxc3 15.
Qxc3 cxb5 16. Bxb5 Ne4 17. Qb2 Rd8 18. Rfc1 Be6 19. Bf1 Rac8 20. Ne5 Rxc1 21.
Rxc1 Rc8 22. Rxc8+ Bxc8 23. f3 Nd6 24. Qc3 Be6 25. Qc5 Nc8 26. Qxe7 Nxe7 27.
Bb5 Nf5 28. Kf2 Kf8 29. Bd7 Ke7 30. Bxe6 Kxe6 31. Nd3 Kd6 32. g4 Ne7 33. e4 Kc6
34. Ne5+ Kb5 35. Nxf7 Kb4 36. Nd6 b5 37. e5 a6 38. e6 Kc3 39. Nf5 Ng8 40. Ke3
b4 41. e7 Nf6 42. Nxg7 Kb2 43. e8=Q Nxe8 44. Nxe8 a5 45. Nc7 a4 46. Nxd5 b3 47.
axb3 a3 48. Nb4 Kxb3 49. Kd2 Kxb4 50. Kc2 Kc4 51. f4 Kxd4 52. g5 1-0

[Event "8. Copenhagen Open Politiken Cup"]
[Site "Copenhagen"]
[Date "1986.??.??"]
[Round "2"]
[White "Murey, Jacob"]
[Black "Brinck Claussen, Bjorn"]
[Result "1-0"]
[WhiteElo "2460"]
[BlackElo "2375"]
[PlyCount "39"]
[EventDate "1986.??.??"]
[EventType "swiss"]
[EventRounds "10"]
[EventCountry "DEN"]
[SourceDate "2004.01.01"]

1. e4 e6 2. d4 d5 3. e5 b6 4. c3 a5 5. Bb5+ c6 6. Ba4 Ba6 7. Ne2 h5 8. Nd2 Nh6
9. Nf3 Nf5 10. Bg5 Be7 11. h4 Bxg5 12. hxg5 Bxe2 13. Qxe2 g6 14. Bc2 O-O 15.
O-O-O c5 16. Bxf5 exf5 17. e6 Nc6 18. dxc5 bxc5 19. exf7+ Kxf7 20. Qb5 1-0

[Event "8. Copenhagen Open Politiken Cup"]
[Site "Copenhagen"]
[Date "1986.??.??"]
[Round "2"]
[White "Ochsner, Thomas"]
[Black "Bjerring, Kai"]
[Result "1/2-1/2"]
[WhiteElo "2275"]
[BlackElo "2315"]
[PlyCount "25"]
[EventDate "1986.??.??"]
[EventType "swiss"]
[EventRounds "10"]
[EventCountry "DEN"]
[SourceDate "2004.01.01"]

1. e4 e5 2. Nf3 Nc6 3. Bb5 a6 4. Ba4 Nf6 5. O-O Be7 6. Re1 b5 7. Bb3 d6 8. h3
Na5 9. d3 O-O 10. Nbd2 Re8 11. c4 Bf8 12. Bc2 c5 13. b3 1/2-1/2

[Event "8. Copenhagen Open Politiken Cup"]
[Site "Copenhagen"]
[Date "1986.??.??"]
[Round "2"]
[White "Pigusov, Evgeny"]
[Black "Jakobsen, Ole"]
[Result "1/2-1/2"]
[WhiteElo "2495"]
[BlackElo "2385"]
[PlyCount "120"]
[EventDate "1986.??.??"]
[EventType "swiss"]
[EventRounds "10"]
[EventCountry "DEN"]
[SourceDate "2004.01.01"]

1. Nf3 Nf6 2. c4 d6 3. d4 Nbd7 4. g3 e5 5. Bg2 Be7 6. O-O O-O 7. Nc3 c6 8. Qc2
Re8 9. Rd1 Bf8 10. b3 a6 11. e4 Qc7 12. h3 b5 13. Be3 Bb7 14. a3 Rac8 15. Rac1
Qb8 16. Qb1 Qa8 17. d5 cxd5 18. Nxd5 Nxd5 19. cxd5 Rxc1 20. Rxc1 Rc8 21. Nd2
Be7 22. a4 Bd8 23. Bf1 Rxc1 24. Qxc1 bxa4 25. bxa4 Qc8 26. Nc4 Bc7 27. Qd2 Qb8
28. Na5 Kf8 29. Qc3 Bxa5 30. Qxa5 Ke7 31. Bc1 Qd8 32. Qd2 h6 33. Ba3 Qb6 34. a5
Qc7 35. Bb4 Bc8 36. Qe3 Nc5 37. Qc3 Kd8 38. f3 f6 39. h4 Qa7 40. Kg2 Ke7 41.
Qe3 Qc7 42. Bc4 Bb7 43. Qe2 Qc8 44. Bxc5 dxc5 45. f4 exf4 46. gxf4 Qd7 47. Qe3
Kd8 48. Kf2 Qg4 49. Qg3 Qd1 50. Qb3 Qd2+ 51. Kf3 Kc8 52. Qa3 Qd1+ 53. Be2 Qh1+
54. Ke3 Kb8 55. Qc3 Qxh4 56. Bf3 Qh2 57. d6 Qg1+ 58. Ke2 Qh2+ 59. Ke3 Qg1+ 60.
Ke2 Qh2+ 1/2-1/2

[Event "8. Copenhagen Open Politiken Cup"]
[Site "Copenhagen"]
[Date "1986.??.??"]
[Round "2"]
[White "Poulsen, Allan"]
[Black "Sorensen, Henrik"]
[Result "1/2-1/2"]
[WhiteElo "2315"]
[BlackElo "2250"]
[PlyCount "78"]
[EventDate "1986.??.??"]
[EventType "swiss"]
[EventRounds "10"]
[EventCountry "DEN"]
[SourceDate "2004.01.01"]

1. e4 c6 2. d4 d5 3. exd5 cxd5 4. c4 Nf6 5. Nc3 e6 6. Nf3 Bb4 7. Qb3 Nc6 8.
cxd5 exd5 9. Bb5 O-O 10. O-O Bxc3 11. bxc3 Ne4 12. Re1 Na5 13. Qc2 Qc7 14. Bd3
f5 15. Ne5 Be6 16. f3 Nd6 17. Bf4 Rac8 18. Rac1 Qb6 19. Qa4 Qd8 20. Qb4 Ne4 21.
fxe4 fxe4 22. Bg3 exd3 23. Nxd3 Bf5 24. Nc5 Rf7 25. Ne6 Qb6 26. Ng5 Rd7 27. h3
h6 28. Nf3 Qxb4 29. cxb4 Rxc1 30. Rxc1 Nc4 31. Ne5 Nxe5 32. Bxe5 Bd3 33. Rc8+
Kf7 34. Kf2 Bb5 35. Ke3 a6 36. g4 Re7 37. h4 Bd7 38. Rc7 Bxg4 39. Rxe7+ Kxe7
1/2-1/2

[Event "8. Copenhagen Open Politiken Cup"]
[Site "Copenhagen"]
[Date "1986.??.??"]
[Round "2"]
[White "Rodgaard, John"]
[Black "Varasdy, Imre"]
[Result "1-0"]
[WhiteElo "2350"]
[BlackElo "2350"]
[PlyCount "27"]
[EventDate "1986.??.??"]
[EventType "swiss"]
[EventRounds "10"]
[EventCountry "DEN"]
[SourceDate "2004.01.01"]

1. c4 e6 2. Nf3 b6 3. g3 Bb7 4. Bg2 Nf6 5. O-O Be7 6. d4 O-O 7. Nc3 Ne4 8. Qc2
Nxc3 9. Qxc3 Bf6 10. Rd1 c5 11. Qc2 cxd4 12. Ng5 Bxg5 13. Bxb7 Bxc1 14. Bxa8
1-0

[Event "8. Copenhagen Open Politiken Cup"]
[Site "Copenhagen"]
[Date "1986.??.??"]
[Round "2"]
[White "Sehner, Norbert"]
[Black "Kaspersen, Morten"]
[Result "1-0"]
[WhiteElo "2375"]
[BlackElo "2215"]
[PlyCount "81"]
[EventDate "1986.??.??"]
[EventType "swiss"]
[EventRounds "10"]
[EventCountry "DEN"]
[SourceDate "2004.01.01"]

1. c4 e5 2. g3 Nc6 3. Bg2 g6 4. Nc3 Bg7 5. e3 d6 6. Nge2 Be6 7. d4 Bxc4 8. d5
Nce7 9. Qa4+ b5 10. Nxb5 Bxb5 11. Qxb5+ Kf8 12. Qc4 Rb8 13. b3 Nf6 14. Bd2 Nd7
15. Rc1 Rb7 16. e4 h5 17. h4 Bh6 18. Bxh6+ Rxh6 19. Rc2 Qb8 20. Nc1 Nc5 21. Nd3
Nxd3+ 22. Qxd3 Kg7 23. O-O Rh8 24. Rfc1 Rf8 25. Rc4 Nc8 26. Qc3 a5 27. Bh3 Na7
28. Bd7 Rd8 29. Ba4 Rc8 30. Qxa5 Nb5 31. Bxb5 Rxb5 32. Qc3 Qa7 33. Rc2 Rb7 34.
Rc6 Qa8 35. Qc4 Ra7 36. Kg2 Kg8 37. Qb5 Kg7 38. R6c3 Kf8 39. Qd7 Qb8 40. Rc6
Qb7 41. Rxd6 1-0

[Event "8. Copenhagen Open Politiken Cup"]
[Site "Copenhagen"]
[Date "1986.??.??"]
[Round "2"]
[White "Sinkovics, Peter"]
[Black "Sorensen, Bent"]
[Result "1/2-1/2"]
[WhiteElo "2415"]
[BlackElo "2295"]
[PlyCount "97"]
[EventDate "1986.??.??"]
[EventType "swiss"]
[EventRounds "10"]
[EventCountry "DEN"]
[SourceDate "2004.01.01"]

1. d4 d5 2. c4 c6 3. cxd5 cxd5 4. Nc3 Nf6 5. Bf4 e6 6. e3 Bd6 7. Bxd6 Qxd6 8.
f4 O-O 9. Bd3 b6 10. Qe2 Bb7 11. Nf3 Nbd7 12. O-O Ne4 13. Ne5 Nxc3 14. bxc3 Nf6
15. Rac1 Ne4 16. c4 dxc4 17. Bxc4 Rac8 18. f5 exf5 19. Rxf5 Bd5 20. Nxf7 Rxf7
21. Rxf7 Rxc4 22. Rxc4 Kxf7 23. Qh5+ Ke7 24. Rc8 Nf6 25. Qg5 Kf7 26. Qe5 Qxe5
27. dxe5 Ng4 28. Rc7+ Kg6 29. Rxa7 Nxe3 30. a4 Nc4 31. Rd7 Bc6 32. e6 Ne5 33.
Ra7 Kf6 34. a5 bxa5 35. Rxa5 Kxe6 36. Ra7 Kf6 37. Rc7 Bb5 38. Rb7 Bd7 39. Rc7
Be6 40. Ra7 g6 41. Ra6 g5 42. h3 Nd3 43. g3 Nc5 44. Rb6 Ne4 45. Kg2 Ke5 46. g4
Kf6 47. Kf3 Nc3 48. Rc6 Nd5 49. Kg3 1/2-1/2

[Event "8. Copenhagen Open Politiken Cup"]
[Site "Copenhagen"]
[Date "1986.??.??"]
[Round "2"]
[White "Vadasz, Laszlo"]
[Black "Knudsen, Jes West"]
[Result "1-0"]
[WhiteElo "2370"]
[BlackElo "2240"]
[PlyCount "88"]
[EventDate "1986.??.??"]
[EventType "swiss"]
[EventRounds "10"]
[EventCountry "DEN"]
[SourceDate "2004.01.01"]

1. Nf3 f5 2. d4 Nf6 3. g3 g6 4. Bg2 Bg7 5. O-O O-O 6. c4 d6 7. Nc3 Nc6 8. d5
Ne5 9. Nxe5 dxe5 10. Qb3 e6 11. Rd1 Qe7 12. Bd2 e4 13. Rac1 Rd8 14. Nb5 Qf7 15.
Bf4 Ne8 16. Be3 a6 17. Nc3 e5 18. c5 f4 19. Bd2 f3 20. Bf1 Qf5 21. Be3 Kh8 22.
Qc4 Nf6 23. exf3 exf3 24. Qh4 Re8 25. h3 Qh5 26. Qxh5 gxh5 27. d6 c6 28. Kh2
Bd7 29. Bc4 Rf8 30. Re1 Ne8 31. Bg5 Rf5 32. Ne4 h6 33. Be7 Rb8 34. Re3 b6 35.
cxb6 Rxb6 36. b3 Bf8 37. Rd1 h4 38. Bxh4 c5 39. Be7 Rc6 40. Rdd3 Kg7 41. Rxf3
Bxe7 42. dxe7 Rxf3 43. Rxf3 Be6 44. Rf8 Bxc4 1-0